Thái Lan trong cuộc chiến tranh xâm lược Việt Nam của Mĩ (giai đoạn 1965- 1973)

Tổng quan về Vương quốc Thái Lan. Thái Lan và cuộc chiến tranh xâm lược miền Nam Việt Nam của Mĩ (1965- 1973)

保存先:
書誌詳細
第一著者: Nguyễn Thị Phương
その他の著者: Nguyễn Mạnh Hồng (Hướng dẫn)
フォーマット: 図書
出版事項: Đà Nẵng Đại học Sư phạm, Đại học Đà Nẵng 2012
主題:
タグ: タグ追加
タグなし, このレコードへの初めてのタグを付けませんか!
Thư viện lưu trữ: Mạng thư viện Đại học Đà Nẵng
LEADER 01727nam a2200337 4500
001 000017188
003 13600
005 20130319080306.0
008 130318s2012 sd
082 |a 959.3044  |b NG-P 
100 1 |a Nguyễn Thị Phương 
245 |a Thái Lan trong cuộc chiến tranh xâm lược Việt Nam của Mĩ (giai đoạn 1965- 1973)  |c Nguyễn Thị Phương ; Nguyễn Mạnh Hồng hướng dẫn  |k Khóa luận tốt nghiệp 
260 |a Đà Nẵng  |b Đại học Sư phạm, Đại học Đà Nẵng  |c 2012 
300 |a 59 tr., phụ lục 1 tr.  |c 29 cm.  |e Đĩa CD, tài liệu tóm tắt 
500 |a Khóa luận tốt nghiệp đại học. Chuyên ngành: Sư phạm Lịch sử 
504 |a Mục lục đầu trang, tài liệu tham khảo tr. 73 - 74, phụ lục [13 tr.] 
520 |a Tổng quan về Vương quốc Thái Lan. Thái Lan và cuộc chiến tranh xâm lược miền Nam Việt Nam của Mĩ (1965- 1973) 
600 1 4 |b Vua  |c Đinh Tiên Hoàng 
650 0 4 |a Chiến tranh xâm lược Việt Nam của Mĩ  |v Khóa luận tốt nghiệp  |x Thái Lan  |y giai đoạn 1965- 1973 
653 |a Mĩ  |a Thái Lan  |a Chiến tranh Việt Nam 
700 |a Nguyễn Mạnh Hồng  |e Hướng dẫn 
OWN |a LSP 
AVA |a UDN50  |b LSP  |d 959.3044 NG-P  |e available  |t Error 5001 Not defined in file expand_doc_bib_avail.  |f 1  |g 0  |h N  |i 0  |k 1 
999 |a From the UDN01 
AVA |a UDN50  |b LSP  |d 959.3044 NG-P  |e available  |t Error 5001 Not defined in file expand_doc_bib_avail.  |f 1  |g 0  |h N  |i 0  |k 1 
TYP |a Monograph 
TYP |a Printed language 
980 |a Mạng thư viện Đại học Đà Nẵng